000 00644nam a2200229Ia 4500
003 OSt
005 20221007070710.0
006 a|||||r|||| 00| 0
007 ta
008 221006b |||||||| |||| 00| 0 eng d
024 _a44,838
037 _cTextual
040 _aFLL
_cFLL
_beng
041 _2eng
_aeng
082 _aMY214v2.P08, Q6
100 _aSEKHRI D.G.
_9687581
245 0 _aNot Out!
_b Incridible story of the Indian premier league
260 _aGurgaon
_bPenguin Viking India
_c2016
300 _axii,243p.
_ccm.
942 _hMY214v2.P08, Q6
_cTEXL
_2CC
999 _c1141275
_d1141275